[Event "Almaty Open 2019"]
[Site "Almaty"]
[Date "2019.10.08"]
[Round "3.1"]
[White "Fier, Alexandr"]
[Black "Isanzhulov, Arystan"]
[Result "1-0"]
[WhiteElo "2541"]
[BlackElo "2305"]
[Annotator "TA"]
[PlyCount "91"]
[EventDate "2019.10.07"]
[EventType "swiss"]
[EventCountry "KAZ"]
[SourceTitle "playchess.com"]
[Source "ChessBase"]
[SourceQuality "1"]

{[%evp 9,91,27,24,25,31,32,30,30,35,37,32,32,35,36,31,27,28,19,40,25,30,31,32,21,23,20,48,46,54,48,48,52,58,5,35,8,56,52,55,52,48,49,42,29,47,-71,0,0,10,8,11,14,18,0,21,17,17,26,25,22,25,32,29,13,42,13,18,16,95,89,93,89,225,237,253,239,322,321,456,451,6219,6218,29980,6403]} 1. d4 d5 2. c4 e6 3. Nc3 a6 4. cxd5 exd5 5. Nf3 Nf6 6. Bg5 {D37: Queen's Gambit Declined: 5 Bf4} Be6 7. e3 Bd6 8. Bd3 {White has an edge.} Nbd7 9. O-O O-O 10. h3 c6 11. Bf4 Qb8 12. Bxd6 Qxd6 13. Rb1 {[#]} a5 $146 ({Predecessor:} 13... Rfe8) 14. Qc2 Rfc8 15. Rfc1 g6 16. Na4 b6 17. b3 Qb4 18. Qb2 Ne8 19. Rc3 Rc7 20. Rbc1 Rac8 21. Qe2 (21. R3c2 $14) 21... c5 $1 $11 {[%cal Rc5c4] Threatening ...c4.} 22. dxc5 bxc5 23. Ba6 Rb8 24. Qc2 {[%cal Ra4c5]} Ra8 25. Be2 {[%cal Ra4c5]} Rac8 26. Ng5 Bf5 27. Bd3 {[#]} (27. Qd1 $14 {keeps the upper hand.}) 27... Bxd3 (27... d4 $1 $17 {White must now prevent ...Bxd3.} 28. Bxf5 dxc3) 28. Qxd3 Nef6 29. Nf3 Qb7 30. R3c2 Ne4 31. Nd2 Nef6 32. Qe2 Kg7 33. Nf3 Qb4 34. Nb2 Qb6 35. Qd1 Nf8 36. Na4 {[%cal Bb2a4,Ba4c3,Bc3d5][%mdl 32]} Qa7 37. Nc3 {Hoping for Nb5.} Qb7 38. Rd2 {[%cal Rc3d5]} Rd7 (38... Rd8 $11 {keeps the balance.}) 39. Ne5 $36 {[%mdl 2048] White is really pushing.} Rdd8 40. Ng4 N8d7 (40... Nxg4 $16 41. Qxg4 (41. hxg4 d4 $14) 41... Nd7) 41. Nxd5 $18 Nxg4 42. hxg4 Ne5 43. g5 c4 (43... Qd7 {might work better.} 44. Rcc2 Qe6) 44. bxc4 Nxc4 {[#]} (44... Rd6 $142 45. c5 Re6) 45. Rxc4 $1 {[%mdl 512]} Rxd5 (45... Rxc4 46. Qa1+) 46. Qa1+ {Accuracy: White = 69%, Black = 47%.} (46. Rxd5 $142 Rf8 47. Qd4+ Kg8 48. Rd8 a4 49. Rxf8+ Kxf8 50. Qd8+ Kg7 51. Rc8) 1-0

[Event "Almaty Open 2019"]
[Site "Almaty"]
[Date "2019.10.08"]
[Round "3.2"]
[White "Amanov, Zhanibek"]
[Black "Igambergenov, Alibek"]
[Result "1/2-1/2"]
[WhiteElo "2339"]
[BlackElo "2402"]
[Annotator "TA"]
[PlyCount "124"]
[EventDate "2019.10.07"]
[EventType "swiss"]
[EventCountry "KAZ"]
[SourceTitle "playchess.com"]
[Source "ChessBase"]
[SourceQuality "1"]

{[%evp 13,123,0,19,13,14,24,27,13,13,13,13,13,13,13,13,-15,-14,-35,-2,-27,-15,-27,-18,-25,-18,-28,8,0,107,103,93,119,128,-57,100,-70,-45,-71,-55,-47,-58,-58,-66,-61,-64,-86,-77,-181,-181,-179,-169,-142,-76,-116,-123,-170,-172,-173,-169,-153,-153,-158,-147,-153,-153,-153,-153,-153,-153,-153,-153,-153,-153,-153,0,-153,-153,-153,-153,-153,-116,-153,-153,-153,-153,-153,-113,-153,-153,-153,-8,-8,-8,-8,-8,-8,0,-8,-8,-8,0,0,0,0,0,0,0,0,0,0,0,0]} 1. e4 e6 2. d4 d5 3. Nc3 {[%cal Bb1c3,Bc3e2,Be2f4][%mdl 32]} Nf6 4. e5 Nfd7 5. Nce2 c5 6. c3 Nc6 7. Nf3 b5 8. a3 {C11: French: Classical System: 4 e5 and 4 Bg5 dxe4} a5 (8... Rb8 9. Nf4 cxd4 10. cxd4 b4 11. a4 b3 12. Bb5 Qb6 13. O-O Ba6 14. Bxa6 Qxa6 15. Be3 Be7 {1-0 (30) Grischuk,A (2759)-Bareev,E (2643) Amsterdam 2019}) 9. Nf4 Ba6 10. h4 {White has an edge.} Qb6 11. Be3 $146 ({Predecessor:} 11. Rh3 b4 12. Rg3 Bxf1 13. Kxf1 bxc3 14. bxc3 Ne7 15. h5 Nf5 {½-½ (33) Hirneise,J (2327)-Martinsen,S (2166) Krakow 2013}) 11... cxd4 12. cxd4 b4 13. Bxa6 Qxa6 14. Ng5 bxa3 15. bxa3 Nd8 16. Ne2 (16. Qh5 {keeps more tension.} g6 17. Qe2 Be7 18. Nf3 h5 19. g3) 16... Nb6 17. O-O h6 18. Nh3 Be7 19. Nef4 Nc4 ({Don't play} 19... Bxh4 $6 20. Qg4 $16) 20. Nh5 $1 Rg8 ({Much weaker is} 20... Bxh4 $6 21. Qg4 $16) (20... g6 $11 {keeps the balance.} 21. Nf6+ Bxf6 22. exf6 Nc6) 21. Qg4 $1 $16 Nxe3 22. fxe3 Qd3 23. Rf3 $2 (23. Nxg7+ $16 Kd7 24. Rxf7 $1 {[%mdl 512]}) 23... Rb8 $2 (23... Qg6 $15 {stays ahead.} 24. Rg3 Qxg4 25. Rxg4 Kf8) 24. a4 $2 ({Better is} 24. Nxg7+ $16 Kd7 25. Rxf7) 24... Qg6 $36 {[%mdl 2048] Black is pushing.} 25. Rg3 Qxg4 26. Rxg4 g6 27. Nf6+ Bxf6 $1 28. exf6 Nc6 29. Nf4 Rb3 30. Kf2 (30. Re1 $17) 30... Kd7 $19 31. Rd1 Rc8 32. Nd3 Ke8 ({Black should try} 32... Kd6 33. e4 Rc3) 33. e4 h5 ({Of course not} 33... Nxd4 $6 34. exd5 Rc2+ 35. Ke1 $15) 34. Rf4 Nxd4 {Hoping for ...Rc2+.} 35. exd5 Rc2+ 36. Kf1 Nf5 37. Rxf5 gxf5 38. d6 {[#] Ne5 is the strong threat.} Rxd3 $1 {[%mdl 512]} 39. Rxd3 $17 {[%mdl 4096] Endgame KR-KR} Kd7 40. Rb3 Kxd6 41. Rb7 Rc7 42. Rb5 Rc5 43. Rb7 Rc7 44. Rb5 $1 Rc4 45. Rxa5 Rxh4 46. Ra7 Ke5 47. Rxf7 Rxa4 48. Rh7 Kxf6 49. Rxh5 Ra2 50. Rh8 f4 51. Rb8 {intending Rb3.} Kf5 (51... e5 $17 {And now ...Ke6 would win.} 52. g3 fxg3) 52. Rb3 $1 $11 {The position is equal.} Kg4 (52... Rd2 $5 53. g3 $8 fxg3 54. Rxg3 Ke4 $11) 53. Rb5 Ra1+ 54. Kf2 Ra2+ (54... Rd1 $5 55. Re5 $8 Rd6 $11) 55. Kf1 Ra3 {White must now prevent ...Re3.} (55... Rd2 $5 56. Re5 $8 Rd6 $11) 56. Re5 f3 {Threatens to win with ...Ra1+.} 57. Rxe6 Ra1+ 58. Kf2 Ra2+ 59. Kf1 Rxg2 60. Rg6+ Kh3 61. Rxg2 fxg2+ 62. Kg1 Kg3 {Accuracy: White = 57%, Black = 60%.} 1/2-1/2

[Event "Almaty Open 2019"]
[Site "Almaty"]
[Date "2019.10.08"]
[Round "3.3"]
[White "Utegaliyev, Azamat"]
[Black "Mezentsev, Ivan"]
[Result "1-0"]
[WhiteElo "2503"]
[BlackElo "2351"]
[Annotator "TA"]
[PlyCount "151"]
[EventDate "2019.10.07"]
[EventType "swiss"]
[EventCountry "KAZ"]
[SourceTitle "playchess.com"]
[Source "ChessBase"]
[SourceQuality "1"]

{[%evp 10,151,0,0,8,-4,14,11,10,9,0,0,0,0,0,0,33,41,33,44,56,0,0,0,0,0,22,31,38,34,43,34,40,31,53,58,86,83,101,95,94,94,101,96,101,104,104,106,105,102,96,98,100,99,95,103,100,104,119,86,110,86,86,85,86,86,86,93,86,73,80,75,77,59,70,66,66,75,66,44,46,16,22,18,31,7,13,9,19,24,71,71,71,71,71,71,71,72,72,63,56,63,58,63,84,84,84,89,67,29,32,26,135,52,108,44,87,85,85,71,141,133,143,123,230,236,347,346,357,343,332,74,270,268,407,378,603,603,590,591,570,560,549,542]} 1. Nf3 Nf6 2. d4 e6 3. e3 b6 4. Bd3 Bb7 5. Nbd2 c5 6. b3 Nc6 {A47: 1 d4 Nf6 2 Nf3 b6: Torre, London and Colle Systems} 7. a3 d5 8. Bb2 Bd6 {The position is equal.} 9. O-O O-O 10. Qe2 Rc8 11. Rfd1 Qe7 12. dxc5 Bxc5 $146 ({Predecessor:} 12... bxc5 13. c4 Rfd8 14. e4 dxe4 15. Nxe4 Nxe4 16. Bxe4 h6 17. Qe3 {1-0 (54) Cao,S (2381)-Sethuraman,S (2649) Hanoi 2018}) 13. b4 Bd6 14. c4 Nb8 15. Bxf6 (15. cxd5 $14 Nxd5 16. Rac1) 15... Qxf6 $11 16. cxd5 exd5 17. Nb3 Rfe8 18. Nbd4 Bf8 19. Bf5 $36 {[%mdl 2048] White has the initiative.} Rcd8 20. Rac1 g6 21. Bh3 Re7 22. Rc2 a6 23. Rdc1 Qd6 24. g3 Bg7 25. Bc8 Bxc8 26. Rxc8 {Hoping for Nc6.} Ree8 27. R8c7 Rd7 28. Qc2 Bf8 29. Rxd7 (29. Rc3 {keeps more tension.} Bg7 30. h4 Bf6 31. Qb3 h5 32. a4) 29... Qxd7 30. Qc7 Qxc7 31. Rxc7 a5 32. bxa5 bxa5 33. a4 Bb4 34. Ra7 Kg7 35. Nb3 Nc6 36. Rc7 Ne5 37. Nxe5 Rxe5 $16 {[%mdl 4096] Endgame KRB-KRN} 38. Nd4 h5 39. h4 Kf8 40. Kf1 Re7 41. Rc8+ Re8 42. Rc6 Rb8 43. Ke2 Ke8 44. Nb5 Kd8 45. Rf6 Ke7 46. Ra6 Rc8 47. Ra7+ Kf6 48. Nc7 Ke5 49. Kd3 Kd6 50. Nb5+ {[%mdl 64] Discovered Attack} Ke6 51. Nd4+ Kf6 52. Ra6+ $1 Ke7 53. Nc6+ Kd7 54. Ne5+ Ke8 55. Ra7 Rc3+ 56. Ke2 $1 Rc2+ {[#]} 57. Kf1 $1 Rc1+ 58. Kg2 Rc2 59. Nxf7 {And now Ne5 would win.} Be1 $1 60. Nd6+ Kf8 (60... Kd8 $11 {keeps the balance.}) 61. Rf7+ Kg8 62. Rf4 ({White should try} 62. Rf6 $16) 62... Ra2 63. Nb5 Bb4 64. Rd4 Rxa4 {[#]} (64... Bc5 $142 65. Rd3 (65. Rxd5 Bxe3 66. Rd8+ Kf7 $11) 65... Rxa4) 65. Nc3 $1 {[%cal Rc3a4][%mdl 512]} Ra1 (65... Bxc3 66. Rxa4) 66. Nxd5 Bf8 (66... Be1 $16 67. Nf4 a4) 67. Nf4 $18 Kf7 (67... Ra2 $142 68. Nxg6 Bc5) 68. Rd7+ Kf6 69. Ra7 a4 70. Nd5+ $2 (70. Ra6+ $18 Kf7 71. Nxg6) 70... Ke5 $2 (70... Ke6 $16 71. Nf4+ {[%mdl 64] Double Attack} Kf6 72. Ra6+ Kf7 73. Nxg6 Bb4 74. Ne5+ Kf8) 71. Nb6 {Black must now prevent Nd7+.} Bc5 (71... Kd6 {was called for.} 72. Nxa4 Ra3) 72. Rxa4 Rd1 (72... Rxa4 $142 73. Nxa4 Bf8) 73. Ra5 {White is clearly winning.} Kd6 74. Nc4+ Kc6 75. Ne5+ Kb6 76. Ra2 {Accuracy: White = 73%, Black = 55%.} 1-0

[Event "Almaty Open 2019"]
[Site "Almaty"]
[Date "2019.10.08"]
[Round "3.4"]
[White "Hamitevici, Vladimir"]
[Black "Barsov, Alexei"]
[Result "1/2-1/2"]
[WhiteElo "2472"]
[BlackElo "2365"]
[Annotator "TA"]
[PlyCount "38"]
[EventDate "2019.10.07"]
[EventType "swiss"]
[EventCountry "KAZ"]
[SourceTitle "playchess.com"]
[Source "ChessBase"]
[SourceQuality "1"]

{[%evp 10,38,0,-9,10,6,16,0,0,-10,0,-10,-12,-13,0,-25,-22,-17,5,4,20,4,0,0,17,27,15,8,12,10,16]} 1. e4 e6 2. f4 d5 3. e5 c5 4. Nf3 Nc6 5. c3 Nh6 6. Na3 Rb8 {C00: French: Unusual White 2nd moves} (6... Nf5 7. Nc2 d4 8. Bd3 Nh4 9. Be4 Nxg2+ 10. Kf2 Nxf4 11. d3 Ng6 12. cxd4 cxd4 13. Bg5 Be7 14. Bxe7 Qxe7 15. Ncxd4 Ncxe5 16. Nxe5 Nxe5 {1-0 (40) Yu,Y (2763)-Vitiugov,N (2732) Khanty-Mansiysk 2019}) 7. Nc2 b5 8. a4 $146 ({Predecessor:} 8. a3 a5 9. d4 Qb6 10. Bd3 c4 11. Be2 Bd7 12. O-O Be7 13. Kh1 b4 14. Ne3 {0-1 (61) Kopp,B (1683)-Stewart,N (2327) Germany 2010}) 8... bxa4 9. Rxa4 a5 10. d4 Qb6 11. Bd3 Ba6 12. O-O Bxd3 13. Qxd3 Qb5 (13... cxd4 {feels hotter.} 14. Ncxd4 Nf5 15. Be3 Nxe3 16. Qxe3 Bc5) 14. Qxb5 Rxb5 15. c4 dxc4 $1 16. Rxc4 Nxd4 17. Ncxd4 cxd4 18. Nxd4 Rb4 19. Rxb4 Bxb4 {Accuracy: White = 63%, Black = 44%.} 1/2-1/2

[Event "Almaty Open 2019"]
[Site "Almaty"]
[Date "2019.10.08"]
[Round "3.5"]
[White "Moisseyenko, Ilya"]
[Black "Kostenko, Petr"]
[Result "1/2-1/2"]
[WhiteElo "2264"]
[BlackElo "2462"]
[Annotator "TA"]
[PlyCount "226"]
[EventDate "2019.10.07"]
[EventType "swiss"]
[EventCountry "KAZ"]
[SourceTitle "playchess.com"]
[Source "ChessBase"]
[SourceQuality "1"]

{[%evp 10,226,38,0,24,6,16,16,41,42,34,43,38,34,66,43,40,35,35,32,39,29,50,12,17,-13,0,3,0,0,23,0,4,9,12,7,8,20,0,0,18,6,31,-29,-21,-20,-12,-35,-10,-16,0,-41,-57,-35,-50,-57,-54,-49,-57,-57,-56,-106,-93,-90,-29,-25,0,0,0,0,0,-38,-38,-114,-50,-50,-50,-50,-50,-50,-50,-50,-42,-64,-64,-64,-48,-48,-48,-48,-48,-48,-48,-50,-20,-50,-16,-50,-48,-48,-41,-35,-12,-12,0,0,0,0,0,0,0,0,0,0,0,0,0,0,0,0,0,0,0,0,0,0,0,0,0,0,0,0,0,0,0,0,0,0,0,0,0,0,0,0,0,0,0,0,0,0,0,0,0,0,0,0,0,0,0,0,0,0,0,0,0,0,0,0,0,0,0,0,0,0,0,0,0,0,0,0,0,0,0,0,0,0,0,0,0,0,0,0,0,0,0,0,0,0,0,0,0,0,0,0,0,0,0,0,0,0,0,0,0,0,0,0,0,0,0]} 1. d4 e6 2. Nf3 c5 3. c4 cxd4 4. Nxd4 Nf6 5. Nc3 a6 6. e3 b6 {A32: Symmetrical English: 2 Nf3 Nf6 3 d4 cxd4 4 Nxd4 e6} (6... Qc7 7. Be2 b6 8. O-O Be7 9. Bf3 Bb7 10. Bxb7 Qxb7 11. Qf3 Qxf3 12. Nxf3 d6 13. b3 O-O 14. Ba3 Nbd7 {½-½ (88) Bogdanovich,S (2581)-Stupak,K (2551) Sochi 2019}) 7. Be2 Bb7 8. Bf3 Ra7 9. O-O Be7 10. b3 O-O 11. Bb2 d6 12. Bxb7 Rxb7 13. Qf3 Qd7 $146 ({Predecessor:} 13... Qc8 14. Rfd1 {½-½ (34) Jaster,R (2329)-Hoffmann,U (2203) Germany 2013}) 14. Rfd1 Rc8 15. a4 Qc7 16. Nce2 Nbd7 17. Ng3 Ne5 18. Qe2 g6 19. Rac1 Qb8 20. e4 Ned7 21. b4 e5 22. Nb3 Nf8 23. Nf1 Ne6 24. g3 Bf8 25. f3 h5 26. Rc2 (26. Ne3 $14) 26... b5 $11 27. cxb5 Rxc2 28. Qxc2 axb5 29. a5 h4 30. Bc1 Rc7 $36 {[%mdl 2048] Black has some pressure.} 31. Qd3 Rc4 32. Bd2 hxg3 33. hxg3 d5 $1 {[%cal Rd5e4]} 34. exd5 Nd4 35. Kg2 Nxd5 36. Ne3 Nxe3+ (36... Nxb4 $17 37. Qb1 {[#]} Qa8 $1 {[%mdl 512]}) 37. Bxe3 {[%cal Rb3d4] [#]} e4 $1 {[%mdl 512]} 38. fxe4 (38. Qxe4 Ne2) 38... Nxb3 39. Qxb3 Qa8 40. Bf2 Bxb4 41. Kg1 ({White should try} 41. Qd3 $15 Bxa5 42. Qd5 Qxd5 43. Rxd5) 41... Rxe4 ({Black should play} 41... Qxa5 $17 42. Rd5 Qa4) 42. Qd5 $15 Qxd5 43. Rxd5 Bxa5 {...Rb4 is the strong threat.} 44. Rxb5 {[%mdl 4096] Endgame KRB-KRB} Bc3 45. Kg2 Kg7 46. Rb7 Kf6 47. Kf3 Rc4 48. Be3 Be5 49. g4 Bc7 50. Rb5 Ke6 51. Rb3 Rc2 52. Rb7 Kd5 53. Rb5+ Kc6 54. Rb3 Ra2 (54... Rc4 {is interesting.} 55. Ra3 Bd6 56. Ra6+ Kd7 57. Ra7+ Rc7) 55. Bf4 {Hoping for Rc3+.} Bxf4 (55... Ba5 {looks sharper.} 56. Be3 Ra1 57. Rb8 Kd5 58. Rf8 Ke6) 56. Kxf4 {KR-KR. The position is equal.} f6 57. Rb8 Ra4+ 58. Kf3 Ra3+ 59. Kf4 Ra4+ 60. Kf3 Kc5 61. Rf8 Ra6 62. Rg8 g5 63. Rb8 Rd6 64. Rc8+ Kd5 65. Ra8 Rc6 66. Rd8+ Ke6 67. Re8+ Kd7 68. Re3 Rc4 69. Rd3+ Ke6 70. Re3+ Kd5 71. Rd3+ Rd4 72. Ra3 Rf4+ 73. Kg3 Rc4 74. Rf3 Ke5 75. Rf5+ Ke6 76. Rf3 Rd4 77. Re3+ Kd5 78. Rf3 Ke5 79. Rf5+ Ke6 80. Rf3 Re4 81. Ra3 Re1 82. Ra6+ Kf7 83. Ra7+ Re7 84. Ra3 Rd7 85. Rb3 Rd6 86. Re3 Ra6 87. Kf3 Ra5 88. Kg3 Rb5 89. Kf3 Rb1 90. Kg3 Rb6 91. Kf3 Re6 92. Ra3 Re1 93. Ra7+ Kg6 94. Ra6 Rd1 95. Ra3 Kf7 96. Re3 Rg1 97. Ra3 Ke6 98. Ra6+ Ke5 99. Ra5+ Kd4 100. Ra4+ Kc5 101. Ra6 Rb1 102. Ra5+ Kc4 103. Ra4+ Kb5 104. Ra8 {White threatens Rb8+ and mate.} (104. Re4 {feels hotter.} Rb3+ 105. Kg2 Rb2+ 106. Kg3 Rb3+ 107. Kg2) 104... Rb3+ 105. Kf2 Kc5 106. Rf8 Rb6 107. Kf3 Kd5 108. Rd8+ Rd6 109. Ra8 Ke5 110. Re8+ Re6 111. Ra8 Rc6 112. Re8+ Kd6 113. Re3 Rc4 {Accuracy: White = 65%, Black = 53%.} 1/2-1/2

[Event "Almaty Open 2019"]
[Site "Almaty"]
[Date "2019.10.08"]
[Round "3.6"]
[White "Simantsev, Mikhail"]
[Black "Harutyunian, Tigran K."]
[Result "1-0"]
[WhiteElo "2365"]
[BlackElo "2535"]
[Annotator "TA"]
[PlyCount "79"]
[EventDate "2019.10.07"]
[EventType "swiss"]
[EventCountry "KAZ"]
[SourceTitle "playchess.com"]
[Source "ChessBase"]
[SourceQuality "1"]

{[%evp 10,79,40,40,32,15,21,7,10,5,7,14,41,3,25,17,29,28,26,23,28,37,39,38,47,25,96,31,125,115,115,150,202,181,191,185,193,190,189,194,239,191,218,215,209,211,208,183,191,198,256,256,795,784,795,795,760,754,1131,1102,1847,1835,1467,683,656,656,639,625,1455,1035,1002,973]} 1. d4 Nf6 2. c4 g6 3. f3 c5 4. d5 d6 5. Nc3 Bg7 6. e4 e6 {E80: King's Indian: Sämisch: Lines without early ...0-0} 7. Nge2 exd5 8. cxd5 Nbd7 {The position is equal.} 9. Ng3 h5 10. Be2 Nh7 11. Be3 O-O 12. O-O $36 {[%mdl 2048] White has the initiative.} a6 13. a4 h4 14. Nh1 f5 15. Qd2 {[#]} Ndf6 $146 ({Predecessor:} 15... Qf6 16. exf5 gxf5 17. Nf2 f4 {0-1 (39) Dreev,A (2705)-Radjabov,T (2673) Warsaw 2005}) 16. Nf2 Nh5 {Hoping for ...f4.} 17. f4 {Threatening e5.} b6 (17... fxe4 $11 18. Ncxe4 (18. Nfxe4 Bf5 $15) 18... Re8) 18. Rae1 (18. e5 $16) 18... Nxf4 (18... fxe4 $14 19. Nfxe4 (19. Ncxe4 Bf5 $11) 19... N5f6) 19. Bxf4 $16 {Strongly threatening exf5.} g5 {[#]} 20. e5 $1 ({Don't play} 20. Be3 $6 f4 $11) 20... dxe5 (20... Ra7 $16 {might work better.}) 21. Be3 f4 22. Nfe4 fxe3 23. Qxe3 Bf5 24. d6 Ra7 25. Nd5 a5 26. Ne7+ Rxe7 27. dxe7 Qxe7 28. Bc4+ Kh8 29. h3 Qd7 (29... Bg6 {was called for.} 30. Rxf8+ Bxf8) 30. Rd1 $18 ({But not} 30. Nxg5 Bh6 $18) 30... Qxa4 $2 (30... Qe7 31. Rf2 Bg6) 31. Nd6 {White is clearly winning.} Bg6 {[#]} 32. Rxf8+ $1 Nxf8 33. b3 Qc6 34. Qxg5 e4 35. Qxh4+ Nh7 36. Nf7+ (36. Qd8+ $142 Bf8 37. Bb5 Qxb5 38. Nxb5) 36... Bxf7 37. Rd8+ ({Less strong is} 37. Bxf7 Bd4+ 38. Kf1 Qf6+ 39. Qxf6+ Nxf6 $16) 37... Be8 {intending ...Qg6.} 38. Qh5 Bd4+ 39. Kh1 Kg7 40. Rxe8 {Accuracy: White = 73%, Black = 47%.} 1-0

[Event "Almaty Open 2019"]
[Site "Almaty"]
[Date "2019.10.08"]
[Round "3.7"]
[White "Smirnov, Pavel"]
[Black "Dauletova, Gulmira"]
[Result "1-0"]
[WhiteElo "2556"]
[BlackElo "2259"]
[Annotator "TA"]
[PlyCount "119"]
[EventDate "2019.10.07"]
[EventType "swiss"]
[EventCountry "KAZ"]
[SourceTitle "playchess.com"]
[Source "ChessBase"]
[SourceQuality "1"]

{[%evp 13,119,33,37,27,36,33,28,35,24,32,35,11,14,-2,9,-10,-7,-54,-31,-32,-41,-47,-49,-123,-111,-112,-78,-71,-100,-78,-85,-118,-110,-138,-135,-184,-97,-99,-98,-98,-92,-83,-73,-95,-39,-77,-29,-26,-24,-35,6,0,-3,-6,0,-16,23,23,41,29,55,33,72,72,81,71,120,133,114,56,260,125,541,541,772,622,591,555,570,547,640,620,726,726,716,716,6302,5831,5739,5627,29971,29972,29971,29973,29972,29972,29972,29973,29976,29977,29977,29978,29978,29979,29979,29980,29979,29974]} 1. d4 Nf6 2. c4 e6 3. g3 d5 4. Nf3 dxc4 5. Bg2 a6 6. O-O Nc6 7. e3 Bd7 8. Qe2 {E04: Open Catalan: 5 Nf3} Bd6 (8... b5 9. b3 cxb3 10. axb3 Be7 11. Bd2 O-O 12. Rc1 Nb4 13. Ne5 Nfd5 14. Nc3 c6 15. Ne4 f6 16. Nxd7 Qxd7 17. Nc5 Bxc5 18. Rxc5 f5 19. Ra5 Qc7 20. Ra1 Qd7 21. Ra5 Qc7 22. Ra1 Qd7 {½-½ (22) So,W (2780)-Duda,J (2737) chess.com INT 2018}) 9. Qxc4 O-O 10. Rd1 {White has an edge.} Qe7 11. Nc3 h6 12. e4 $146 ({Predecessor:} 12. Qe2 Rab8 13. h3 b5 14. b3 e5 15. d5 Na5 {1-0 (41) Erdos,V (2604)-Musat,A (2378) Mamaia 2019}) 12... e5 13. d5 Na7 14. a3 Nb5 15. Ne2 c6 16. dxc6 Rac8 17. Nh4 {Threatening Ng6.} Rxc6 18. Qb3 ({White should play} 18. Qd3 $1 $15) 18... Be6 $17 19. Qf3 Bc5 20. h3 Nd4 21. Nxd4 Bxd4 22. Qe2 Bb3 23. Rxd4 exd4 24. Bf4 Be6 (24... Rd8 $19 {aiming for ...d3.} 25. e5 d3) 25. e5 Nd5 26. Bxd5 Bxd5 27. Nf5 Qd8 28. Nxd4 Rg6 ({Better is} 28... Rc4 $17 29. Nf5 Be6) 29. Nf5 {[#] Strongly threatening Rd1.} Qe8 30. Rd1 Bc6 31. Kh2 Kh8 32. Bd2 Ba4 33. Re1 Qd7 34. Nd6 Bc6 35. Bb4 Kg8 36. f4 {[%mdl 1024] White has compensation.} Ra8 37. Qf2 h5 38. f5 $36 {[%mdl 2048] White has strong initiative.} Rh6 39. f6 Re8 40. Nxe8 Qxe8 41. Be7 (41. fxg7 $16 {Hoping for Qc5.} Qe6 42. Bd2) 41... Bd7 $2 (41... h4 $1 $14) 42. Rd1 (42. Qd2 $18 {is more deadly.}) 42... Rg6 $2 {[%mdl 8192] [#]} (42... gxf6 $16 43. exf6 Qc8) 43. e6 $1 $18 {[%mdl 512]} fxe6 {intending ...gxf6.} (43... Bxe6 44. Rd8) 44. f7+ {[%mdl 64] Deflection} Qxf7 45. Qxf7+ Kxf7 46. Rxd7 {[%mdl 4096] Endgame KRB-KR} b5 47. Bb4+ Kg8 48. Rd6 Rf6 49. Kg2 e5 50. Rxf6 gxf6 {KB-KP} 51. g4 hxg4 52. hxg4 {White mates.} Kf7 53. Kf3 Kg6 54. Ke4 Kg5 55. Be7 Kg6 56. b4 Kg5 57. Kd5 Kg6 58. Ke6 e4 59. Bxf6 e3 60. Bh4 {Accuracy: White = 55%, Black = 34%.} 1-0

[Event "Almaty Open 2019"]
[Site "Almaty"]
[Date "2019.10.08"]
[Round "3.8"]
[White "Serikbay, Chingiz"]
[Black "Makhnev, Denis"]
[Result "1/2-1/2"]
[WhiteElo "2298"]
[BlackElo "2478"]
[Annotator "TA"]
[PlyCount "75"]
[EventDate "2019.10.07"]
[EventType "swiss"]
[EventCountry "KAZ"]
[SourceTitle "playchess.com"]
[Source "ChessBase"]
[SourceQuality "1"]

{[%evp 15,75,-5,-2,-3,-14,-10,0,0,0,0,0,-4,-6,-12,0,0,0,0,0,0,0,-4,0,-41,-30,-43,-27,-46,3,0,0,0,0,4,0,-66,-20,-23,-13,-41,-26,-30,0,-6,0,20,87,35,40,0,112,68,81,0,0,0,100,0,0,0,61,0]} 1. d4 Nf6 2. Bf4 e6 3. e3 c5 4. c3 d5 5. Nd2 Bd6 6. Bg3 Qc7 7. Ngf3 Nbd7 8. Bd3 O-O 9. O-O {D02: 1 d4 d5 2 Nf3 sidelines, including 2...Nf6 3 g3 and 2...Nf6 3 Bf4} (9. Bxd6 {keeps more tension.} Qxd6 10. O-O e5 11. e4 exd4 12. cxd4 dxe4 13. Nxe4 Nxe4 14. Bxe4 Nf6 15. Re1) (9. Qe2 e5 10. dxe5 Nxe5 11. Nxe5 Bxe5 12. Bh4 Bg4 13. Nf3 Ne4 14. h3 Be6 15. Nxe5 Qxe5 16. f4 Qc7 {0-1 (33) Abasov,N (2632)-Dominguez Perez,L (2763) Khanty-Mansiysk 2019}) 9... Bxg3 10. hxg3 e5 {[#] Threatens to win with ...e4.} 11. dxe5 {The position is equal.} Nxe5 12. Nxe5 Qxe5 13. Qf3 Bd7 $146 ({Predecessor:} 13... b6 14. Qf4 Re8 15. Rfe1 Bb7 16. Rad1 h6 {½-½ (52) Sukandar,I (2397)-Giemsa,S (2275) Caleta 2019}) 14. Qf4 Qe7 15. e4 Rfe8 {[%cal Rd5e4]} 16. Rfe1 Bc6 {[%cal Rd5e4]} 17. e5 Nd7 {[%cal Rd7e5]} 18. Nf3 $1 Nf8 19. Re2 Rad8 20. Rae1 b5 21. Qg4 Bd7 22. Qh5 a6 23. Nh2 Be6 24. f4 d4 25. f5 (25. cxd4 $11 Qd7 26. d5 Qxd5 27. Bb1) 25... c4 (25... dxc3 $5 {[%cal Rd8d3]} 26. Bb1 g6 $17) 26. Be4 g6 27. Qg4 d3 28. Rf2 Bc8 29. Nf3 Nd7 30. Bc6 Qc5 (30... Rf8 $11) 31. Bxd7 (31. e6 $16 {Hoping for exf7+.} Qxc6 32. Ng5 fxe6 33. fxg6 hxg6 34. Nf7) 31... Rxd7 $14 ({Much worse is} 31... Bxd7 $6 32. e6 $16) 32. Qf4 Rde7 (32... gxf5 $1 $11 {remains equal.} 33. Qg5+ Kh8) 33. f6 {White threatens Qh6 and mate.} Re6 34. Qh6 {[%csl Gf6][%cal Rh6g7]} Qf8 35. Qf4 Qc5 36. Qh6 {[%csl Gf6][%cal Rh6g7]} Qf8 37. Qf4 Qc5 38. Qh6 {Accuracy: White = 44%, Black = 49%.} (38. b4 $14 Qf8 {[#]} 39. a4 $1 {[%mdl 512]}) 1/2-1/2